[Event "AUT-chT2O 1112"]
[Site "Austria"]
[Date "2011.11.06"]
[Round "4.4"]
[White "Brod, Manfred"]
[Black "Herndlbauer, Martin"]
[Result "1-0"]
[WhiteElo "2212"]
[BlackElo "2151"]
[PlyCount "70"]
[EventDate "2011.10.15"]
[EventType "team-tourn"]
[EventRounds "11"]
[EventCountry "AUT"]
[SourceTitle "EXT 2013"]
[Source "ChessBase"]
[SourceDate "2012.11.22"]
[SourceVersion "1"]
[SourceVersionDate "2012.11.22"]
[SourceQuality "1"]
[WhiteTeam "Mattersburg"]
[BlackTeam "Baden Invest"]
[WhiteTeamCountry "AUT"]
[BlackTeamCountry "AUT"]

1. e4 d5 2. exd5 Qxd5 3. Nc3 Qa5 4. d4 c6 5. Bc4 Bf5 6. Bd2 e6 7. Nf3 Nf6 8. Nd5 Qd8 9. Nxf6+ gxf6 10. 0-0 Nd7 11. Re1 Qc7 12. Nh4 Bg6 13. g3 0-0-0 14. c3 Bd6 15. Bf1 Kb8 16. b4 f5 17. f4 Nf6 18. Bg2 Rhg8 19. a4 Bh5 20. Qc2 Be7 21. Nf3 Bxf3 22. Bxf3 h5 23. Re2 h4 24. Rg2 Qd7 25. Kh1 Rh8 26. Be1 Nd5 27. Qd3 hxg3 28. Bxg3 Bd6 29. b5 Nxf4 30. Bxf4 Bxf4 31. bxc6 Qc7 32. Rb1 b6 33. a5 Bxh2 34. axb6 Qe7 35. bxa7+ Kxa7 1-0

[Event "EU-Cup 27th"]
[Site "Rogaska Slatina"]
[Date "2011.09.29"]
[Round "5"]
[White "Franco Alonso, Alejandro"]
[Black "Herndlbauer, Martin"]
[Result "1-0"]
[WhiteElo "2469"]
[BlackElo "2151"]
[PlyCount "51"]
[EventDate "2011.09.25"]
[EventType "team-swiss"]
[EventRounds "7"]
[EventCountry "SLO"]
[SourceTitle "CBM 145"]
[Source "ChessBase"]
[SourceDate "2011.11.11"]
[SourceVersion "1"]
[SourceVersionDate "2011.11.11"]
[SourceQuality "1"]
[WhiteTeam "Taldea Gros Xake"]
[BlackTeam "Baden Invest"]
[WhiteTeamCountry "ESP"]
[BlackTeamCountry "AUT"]

1. d4 d5 2. c4 c6 3. Nc3 dxc4 4. e4 e5 5. dxe5 Qxd1+ 6. Nxd1 b5 7. f4 Na6 8. Nf3 Bb4+ 9. Bd2 Bg4 10. Nf2 Bxf3 11. gxf3 Bxd2+ 12. Kxd2 Ne7 13. f5 Nc5 14. Be2 a5 15. Rhg1 g6 16. f6 Nc8 17. Ke3 Nb6 18. h4 0-0-0 19. f4 Kc7 20. Nh3 Rd7 21. Rad1 Rhd8 22. Ng5 Nd3 23. e6 Rd6 24. Nxf7 Rxe6 25. Nxd8 Kxd8 26. Bxd3 1-0

[Event "Niederoesterreich Landesliga 1011"]
[Site "Austria"]
[Date "2010.10.24"]
[Round "4"]
[White "Herndlbauer, Martin"]
[Black "Teuber, Andreas"]
[Result "1/2-1/2"]
[WhiteElo "2087"]
[BlackElo "2163"]
[PlyCount "94"]
[EventDate "2010.09.12"]
[EventType "team-tourn"]
[EventRounds "13"]
[EventCountry "AUT"]
[SourceTitle "EXT 2022"]
[Source "ChessBase"]
[SourceDate "2021.10.06"]
[SourceVersion "1"]
[SourceVersionDate "2021.10.06"]
[SourceQuality "1"]

1. e4 d6 2. d4 Nf6 3. Nc3 g6 4. Be2 Bg7 5. Be3 c6 6. f4 Qa5 7. Bf3 Qb4 8. Rb1 Be6 9. a3 Qa5 10. Nge2 Nbd7 11. h3 Nb6 12. 0-0 Nc4 13. Bc1 b5 14. b3 Nxa3 15. Bxa3 Qxa3 16. Ra1 Qb4 17. Nd5 cxd5 18. c3 dxe4 19. cxb4 exf3 20. Rxf3 0-0 21. Ra5 a6 22. Qa1 Bd5 23. Rc3 Ne4 24. Re3 Bb7 25. Ra2 Rfc8 26. Kh2 Rc7 27. Qb1 Nf6 28. Rc2 Rcc8 29. Rxc8+ Rxc8 30. Rc3 Rxc3 31. Nxc3 Nd5 32. Nxd5 Bxd5 33. Qa2 Bc6 34. Qxa6 Be8 35. Qb6 Bf6 36. g4 Bg7 37. Qa7 Kf8 38. Kg3 Bf6 39. Kf3 h6 40. Ke4 Bc6+ 41. Ke3 Be8 42. Qb7 Bh4 43. Qe4 Bf6 44. Qd5 Bd7 45. Qa8+ Be8 46. Qd5 Bd7 47. Qa8+ Be8 1/2-1/2

[Event "Niederoesterreich Landesliga 1011"]
[Site "Austria"]
[Date "2010.09.26"]
[Round "2"]
[White "Herndlbauer, Martin"]
[Black "Janetschek, Karl"]
[Result "1/2-1/2"]
[WhiteElo "2087"]
[BlackElo "2241"]
[PlyCount "45"]
[EventDate "2010.09.12"]
[EventType "team-tourn"]
[EventRounds "13"]
[EventCountry "AUT"]
[SourceTitle "EXT 2022"]
[Source "ChessBase"]
[SourceDate "2021.10.06"]
[SourceVersion "1"]
[SourceVersionDate "2021.10.06"]
[SourceQuality "1"]

1. e4 e5 2. Nf3 Nc6 3. Bb5 a6 4. Ba4 Nf6 5. 0-0 Nxe4 6. d4 b5 7. Bb3 d5 8. dxe5 Be6 9. c3 Be7 10. Nbd2 Nc5 11. Bc2 Bg4 12. h3 Bh5 13. Re1 Bg6 14. Bxg6 hxg6 15. Nf1 Qd7 16. Ne3 Rd8 17. Ng4 Qf5 18. Re3 0-0 19. b4 Na4 20. Rd3 Rd7 21. a3 Re8 22. Ra2 Nd8 23. Rad2 1/2-1/2